Landen die het WK voetbal hebben gewonnen - Statistieken

Algemene statistieken
  • Deze quiz is 1.165 keer genomen
  • De gemiddelde score is 7 van 8
Antwoordstatistieken
Hint Antwoord % Correct
5x Brazilië
98%
4x Duitsland
97%
2x Argentinië
95%
2x Frankrijk
95%
1x Spanje
93%
4x Italië
87%
2x Uruguay
79%
1x Engeland
76%
Geen overeenkomende quizzen gevonden
Scoreverdeling
Procent van Mensen met Elke Score
Percentiel versus Aantal Correcte Antwoorden
Uw Scoregeschiedenis
U heeft deze quiz nog niet genomen